|
|
|
|
| LEADER |
00653cam a2200229 7i4500 |
| 001 |
0000036742 |
| 005 |
20220210090000.0 |
| 007 |
ta |
| 020 |
|
|
|a 9789675822582
|
| 040 |
|
|
|a MATR
|
| 090 |
0 |
0 |
|a FM 899.2333
|b SIT
|
| 100 |
0 |
|
|a Siti Rosmizah
|e author
|
| 245 |
1 |
0 |
|a 7 HARI MENCINTAIKU 2
|c SITI ROSMIZAH.
|
| 264 |
|
0 |
|a Rawang, Selangor:
|b SrR Publication,
|c 2020.
|
| 300 |
|
|
|a 1061 pages;
|c 19 cm.
|
| 336 |
|
|
|a text
|2 rdacontent
|
| 337 |
|
|
|a unmediated
|2 rdamedia
|
| 338 |
|
|
|a volume
|2 rdacarrier
|
| 500 |
0 |
0 |
|a Screen adaption
|
| 650 |
0 |
0 |
|a Malay fiction
|
| 650 |
0 |
0 |
|a Malaysian fiction (Malay)
|
| 999 |
|
|
|a B000041651
|b Book
|c Book
|e Business Information Centre
|